00654nam a2200205Ia 4500003000400000005001700004008004100021020001800062040001800080041000800098082002200106100001800128245007400146250001200220260005500232300002600287650005100313650006800364700001600432OSt20220322144905.0210716s2009 xx 000 0 und d a9788120333178 cAIMIT LIBRARY aeng a658.575 24bCHIA aChitale, A K. aProduct design and manufacturing /cBy A. K. Chitale and R. C. Gupta. a4th ed. aNew Delhi :bPHI Learning private limited ,c2009. aXi, 474p. ;c23.5 cm. aNew product development and product management aRole of computer in product design manufacturing and management aGupta, R C.